The lights of Lancaster : Letters to Romé
Tallennettuna:
| Päätekijä: | |
|---|---|
| Aineistotyyppi: | Kirja |
| Kieli: | Undetermined |
| Julkaistu: |
Québec, Canada
Shorline
1996
|
| Aiheet: | |
| Tagit: |
Lisää tagi
Ei tageja, Lisää ensimmäinen tagi!
|
| Thư viện lưu trữ: | Trung tâm Học liệu Trường Đại học Cần Thơ |
|---|
| LEADER | 00620nam a2200193Ia 4500 | ||
|---|---|---|---|
| 001 | CTU_41225 | ||
| 008 | 210402s9999 xx 000 0 und d | ||
| 082 | |a 362.1 | ||
| 082 | |b C386 | ||
| 100 | |a Caza, J Euclide | ||
| 245 | 4 | |a The lights of Lancaster : | |
| 245 | 0 | |b Letters to Romé | |
| 245 | 0 | |c J Euclide Caza ; A. Margaret Caza translated and annotated by | |
| 260 | |a Québec, Canada | ||
| 260 | |b Shorline | ||
| 260 | |c 1996 | ||
| 650 | |a Celebrovascular disease,Caza, Euclide,1895-1959 | ||
| 650 | |x Patients,Quebec ( province ),Huntingdon,Diaries | ||
| 980 | |a Trung tâm Học liệu Trường Đại học Cần Thơ | ||